00725nam a2200217 a 450000100100000000500170001000800410002702000150006804000250008308200200010810000250012824500360015326000370018930000210022650000570024765000280030465000310033204900090036395201180037299900170049000001394620240530073932.0091202s1996 dr 000 0 spa d a8489539332 aDO-SdBNPbspacBNPHU aRD864.44bT233p1 aTaveras, Fafa91709510aCon la palabra /cFafa Taveras. aSanto Domingo :bColores,c1996. a452 p. ;c21 cm. aIncluye datos biográficos del autor en las solapas 0aEnsayos dominicanos965 0aLiteratura dominicana.967 aBNPD 0010718PDaPDbPDcCTd2009-12-02iLF1l0oRD864.44 T233pp13946-10r2020-06-25w2020-06-25yLFPDZNo se presta c13551d13551